La historia de Nevado / (Record no. 126835)

MARC details
000 -CABECERA
campo de control de longitud fija 00711nam a2200217 a 4500
005 - FECHA Y HORA DE LA ÚLTIMA TRANSACCIÓN
campo de control 20240228063913.0
008 - ELEMENTOS DE LONGITUD FIJA--INFORMACIÓN GENERAL
campo de control de longitud fija 080304s2005 cl r 000 0 spa d
020 ## - NÚMERO INTERNACIONAL NORMALIZADO PARA LIBROS
Número Internacional Estándar del Libro 9806915046
035 ## - NÚMERO DE CONTROL DEL SISTEMA
Número de control de sistema UPN01000154718
049 ## - COLECCIÓN
Colección I
050 #4 - SIGNATURA TOPOGRÁFICA DE LA BIBLIOTECA DEL CONGRESO
Número de clasificación F2235.3
Número de documento/Ítem G3.3
100 1# - ASIENTO PRINCIPAL--NOMBRE PERSONAL
Nombre de persona García Alvarez, Pablo Emilio
9 (RLIN) 38405
245 13 - MENCIÓN DE TÍTULO
Título La historia de Nevado /
Mención de responsabilidad, etc. Pablo Emilio García Alvarez ; il. Coralia López.
260 ## - PUBLICACIÓN, DISTRIBUCIÓN, ETC.
Lugar de publicación, distribución, etc. Bogotá :
Nombre del editor, distribuidor, etc. El Nacional,
Fecha de publicación, distribución, etc. c2005.
300 ## - DESCRIPCIÓN FÍSICA
Extensión 31 p. :
Otras características físicas principalmente il. col.
440 #0 - MENCIÓN DE SERIE/ASIENTO SECUNDARIO--TÍTULO
Título Brújula de papel.
Nombre de parte o sección de la obra Ciencias sociales ;
Designación de volumen o secuencia 16
600 14 - ASIENTO SECUNDARIO DE MATERIA - NOMBRE PERSONAL
Nombre de persona BOLIVAR, SIMON,
Fechas asociadas al nombre 1783-1830
650 #4 - ASIENTO SECUNDARIO DE MATERIA - TERMINO TEMATICO
Término de materia o nombre geográfico como elemento de entrada Libros y lectura para niños
9 (RLIN) 2290
700 1# - ASIENTO SECUNDARIO--NOMBRE DE PERSONAL
Nombre de persona López, Coralia,
Término indicativo de función/relación il.
9 (RLIN) 42944
905 ## - TIPO DE MATERIAL
Tipo de material Infantil
Holdings
Estado de retiro Estado de pérdida Fuente del sistema de clasificación o colocación Estado dañado No para préstamo Código de colección Localización permanente Ubicación/localización actual Ubicación en estantería Fecha de adquisición Clasificación Código de barras Fecha visto por última vez Número de copia Tipo de ítem Koha
    Library of Congress Classification     Infantil Bib. Gregorio Torres Quintero Bib. Gregorio Torres Quintero Sala infantil Planta baja 10/05/2023 F2235.3 G3.3 254975 31/12/2020 1 Libro